|
|
|
|
| LEADER |
00000nam0a2200000 4500 |
| 001 |
378280 |
| 005 |
20231102013006.0 |
| 010 |
|
|
|a 502028839X
|
| 020 |
|
|
|a RU
|b 89-49886ж
|
| 035 |
|
|
|a (RuTPU)RU\TPU\retro\35735
|
| 035 |
|
|
|a RU\TPU\book\129166
|
| 090 |
|
|
|a 378280
|
| 100 |
|
|
|a 20230523a1989 k y0rusy5003 ca
|
| 101 |
0 |
|
|a rus
|
| 102 |
|
|
|a RU
|
| 105 |
|
|
|a a z 001zy
|
| 200 |
1 |
|
|a Многообразие траппов и исходные магмы. (На примере Сибирской платформы)
|f В. В. Золотухин, Ю. Р. Васильев, О. А. Дюжиков
|
| 210 |
|
|
|a Новосибирск
|c Наука
|c Сиб. отд-ние
|d 1989
|
| 215 |
|
|
|a 245,[2] с.
|c ил.
|
| 225 |
1 |
|
|a Труды института геологии и геофизики СО АН СССР
|v Вып. 739
|
| 320 |
|
|
|a Библиогр.: с. 243-246.
|
| 606 |
1 |
|
|a Магматизм
|2 stltpush
|3 (RuTPU)RU\TPU\subj\40702
|9 60544
|
| 610 |
1 |
|
|a траппы
|
| 610 |
1 |
|
|a магма
|
| 610 |
1 |
|
|a горные породы изверженые
|
| 610 |
1 |
|
|a химический состав
|
| 610 |
1 |
|
|a Сибирская платформа
|
| 675 |
|
|
|a 552.11
|z rus
|
| 675 |
|
|
|a 552.313
|z rus
|
| 700 |
|
1 |
|a Золотухин
|b В. В.
|g Валерий Васильевич
|4 070
|
| 702 |
|
1 |
|a Васильев
|b Ю. Р.
|g Юрий Романович
|4 070
|
| 702 |
|
1 |
|a Дюжиков
|b О. А.
|f Олег Акимович
|4 070
|
| 801 |
|
0 |
|a RU
|b RuMRKP
|c 19950417
|g psbo
|
| 801 |
|
1 |
|a RU
|b 63413507
|c 20070629
|g PSBO
|
| 801 |
|
2 |
|a RU
|b 63413507
|c 20230523
|g PSBO
|
| 942 |
|
|
|c BK
|